000 00398nam a2200157Ia 4500
008 160316s2005 xxu||||| |||| 00| 0 eng d
082 _a346.017200
_bKHO
100 _a
245 _aThe constitutional mandate and education
250 _a
260 _aMumbai
_bKHOJ
_c2005
300 _a72
_b
_c
365 _b
650 _a1. Education 2. Constitutional mandate 3. text books
700 _a
_a
999 _c34400
_d34400